000 00424nam a2200157Ia 4500
008 230711s9999||||xx |||||||||||||| ||und||
041 _aENG
082 _a621
_bCA-E
100 _aCathey,J J
245 0 _aSchaum’s outline of electronic devices and circuits
250 _a2nd . . Ed.
260 _c2006
_aNew Delhi
_bTata McGraw Hill Education Limited
300 _a302
650 _aElectronics Engineering
942 _cBK
999 _c2850
_d2850